000 00291nam a22001337a 4500
008 170323b xxu||||| |||| 00| 0 eng d
020 _a760000041563
041 _aeng
080 _a616.9
100 _a8
101 _aSHM
245 _aAIDS SCIENCE AND SOCIETY
_cCONNER.R
942 _2udc
_cBK
999 _c8481
_d8481